The transportation coils and other plate number coils issues (Record no. 2861)

000 -LEADER
fixed length control field 00551nam a22000977a 4500
008 - FIXED-LENGTH DATA ELEMENTS--GENERAL INFORMATION
fixed length control field 181126b ||||| |||| 00| 0 eng d
100 ## - MAIN ENTRY--AUTHOR'S NAME
Author's Name Agris, Joseph
245 ## - TITLE STATEMENT
Title The transportation coils and other plate number coils issues
260 ## - PUBLICATION, DISTRIBUTION, ETC. (IMPRINT)
Place of publication, distribution, etc. Houston, TX
Name of publisher, distributor, etc. Eclectic Publishing
Date of publication, distribution, etc. 1987
650 ## - TOPICAL TERM (Tag)
Topical term or geographic name United States | 1981-1988 | 20th Century | Plate Number Coils | Coils | Plate Blocks and Numbers | Production | Errors and Varieties | Stamps -- Histories | Designs | First Day Ceremonies | First Days | Transportation Series | Precancels | Forgeries and Counterfeits
Holdings
Withdrawn status Lost status Source of classification or shelving scheme Damaged status Koha normalized classification for sorting Not for loan Collection code Permanent Location Current Location Shelving location Date acquired Total Checkouts Full call number Barcode Date last seen Copy number Price effective from
        G3701 P7176 A279   Columbus (Ohio) Philatelic Club Northern Philatelic Library Northern Philatelic Library General Stacks 11/26/2018   G3701 P7176 A279 1005254 11/26/2018 1 11/26/2018

Powered by Koha